Automobilový priemysel smeruje k ekologizácii

Ekonomická aktivita automobilového priemyslu a tlak na zvyšovanie ekologických štandardov v tomto sektore. Automobilizmus a eliminácia negatívnych trendov znečisťovania ovzdušia. Ekologizácia dopravy a nové progresívne technológie.

Gespeichert in:
Bibliographische Detailangaben
1. Verfasser: Balog, Miroslav
Format: Buchkapitel
Sprache:Slowakisch
Schlagworte:
Tags: Tag hinzufügen
Keine Tags, Fügen Sie das erste Tag hinzu!

MARC

LEADER 00000naa a2200000 4500
001 0141703
005 20220725111317.7
041 0 |a slo 
044 |a SK 
245 1 0 |a Automobilový priemysel smeruje k ekologizácii  |c Miroslav Balog 
520 |a Ekonomická aktivita automobilového priemyslu a tlak na zvyšovanie ekologických štandardov v tomto sektore. Automobilizmus a eliminácia negatívnych trendov znečisťovania ovzdušia. Ekologizácia dopravy a nové progresívne technológie. 
610 2 0 |a priemysel automobilový 
610 2 0 |a prostriedky dopravné 
610 2 0 |a automobily 
610 2 0 |a výroba 
610 2 0 |a technológie nové 
610 2 0 |a inovácia 
610 2 0 |a ekologizácia 
100 1 |a Balog, Miroslav